Les pays avec le plus de victimes de la grippe - Statistiques

Statistiques générales
  • Ce quiz a été pris 25 fois
  • Le résultat moyen est 3 sur 10
Statistiques - réponses
Nombre de morts pour 100 000 Pays % Correct
73,5 République démocratique du Congo
62%
102,8 Argentine
43%
81,7 Chili
43%
73,9 Gabon
38%
73,4 Corée du Nord
19%
73,4 Ghana
19%
78,6 Indonésie
19%
92,1 Singapour
5%
83 Timor Oriental
5%
73,7 Myanmar
0%
Aucun quiz correspondant
Distribution des résultats
% des personnes avec chaque résultat
Percentile par nombre de réponses
Votre historique - résultats
Vous n’avez pas pris ce quiz